Harry Potter - Grupy rzeczy/postaci/... cz.5 - Statystyki

Ogólne statystyki
  • Ten quiz został rozwiązany 43 razy
  • Średni wynik to 7 z 49
Statystyki odpowiedzi
Hint Odpowiedź % Poprawnych
Śmierciożercy obecni na cmentarzu Lucjusz Malfoy
88%
Członkowie Klubu Ślimaka w czasach Harrego Harry Potter
73%
Gazety Czarodziejów Prorok Codzienny
73%
Członkowie Klubu Ślimaka w czasach Harrego Hermiona Granger
70%
Członkowie Klubu Ślimaka w czasach Harrego Ginny Weasley
61%
Członkowie Klubu Ślimaka w czasach Harrego Cormac McLaggen
36%
Śmierciożercy obecni na cmentarzu Crabbe Senior
36%
Śmierciożercy obecni na cmentarzu Goyle Senior
36%
Gazety Czarodziejów Żongler
36%
Członkowie Klubu Ślimaka w czasach Harrego Blaise Zabini
33%
Śmierciożercy obecni na cmentarzu Peter Pettigrew
30%
Hasła Grubej Damy Caput Draconis
27%
Książki autostwa G.Lockharta Moje magiczne ja
15%
Śmierciożercy obecni na cmentarzu Avery
12%
Hasła Grubej Damy Fortuna Major
9%
Śmierciożercy obecni na cmentarzu Nott Senior
9%
Hasła Grubej Damy Świński Ryj
6%
Śmierciożercy obecni na cmentarzu Walden Macnair
6%
Hasła Grubej Damy Bajeczne Świecidełka
3%
Hasła Grubej Damy Banialuki
3%
Hasła Grubej Damy Błyskotki
3%
Członkowie Klubu Ślimaka w czasach Harrego Flora Carrow
3%
Członkowie Klubu Ślimaka w czasach Harrego Hestia Carrow
3%
Książki autostwa G.Lockharta Kim jestem?
3%
Członkowie Klubu Ślimaka w czasach Harrego Marcus Belby
3%
Członkowie Klubu Ślimaka w czasach Harrego Melinda Bobbin
3%
Hasła Grubej Damy Mimbulus Mimbletonia
3%
Książki autostwa G.Lockharta Podróże z wampirami
3%
Gazety Czarodziejów Prorok Niedzielny
3%
Gazety Czarodziejów Prorok Wieczorny
3%
Książki autostwa G.Lockharta Rok z yeti
3%
Hasła Grubej Damy Tasiemiec
3%
Gazety Czarodziejów Tygodnik Czarownica
3%
Książki autostwa G.Lockharta Włóczęgi z wilkołakami
3%
Hasła Grubej Damy Abstynencja
0%
Hasła Grubej Damy Bananowe Naleśniki
0%
Gazety Czarodziejów Eliksirotwórstwo Praktyczne
0%
Hasła Grubej Damy Gaduła
0%
Książki autostwa G.Lockharta Grasowanie z potworami
0%
Gazety Czarodziejów Horyzonty Zaklęć
0%
Książki autostwa G.Lockharta Jak pozbyć się upiora
0%
Książki autostwa G.Lockharta Jak zaprzyjaźnić się z ghulami
0%
Hasła Grubej Damy Kaszka manna
0%
Hasła Grubej Damy Miodojad
0%
Książki autostwa G.Lockharta Poradnik zwalczania szkodników domowych
0%
Hasła Grubej Damy Quid Agis
0%
Gazety Czarodziejów Transmutacja Współczesna
0%
Książki autostwa G.Lockharta Wakacje z wiedźmami
0%
Książki autostwa G.Lockharta Wędrówki z trollami
0%
Nie znaleziono quizów pasujących do podanych kryteriów
Rozkład punktacji
Procent ludzi z każdym wynikiem
Percentyl według liczby udzielonych odpowiedzi
Twoja historia wyników
Nie rozwiązałeś tego quizu